000 00546nam a2200205Ia 4500
003 IIN
005 20250507125334.0
008 231217s2023 xx ad 001 0 eng d
020 _cRs.225.00
_a9789381390351
040 _aIIN
_bEnglish
082 _a610.73
_bKUM
100 1 _aKumari, Neelam
245 1 _aBehavioural Science Sociology/
_cNeelam Kumari
260 _aJalandhar
_bPee Vee
_c2023
300 _a157p.
_biil.
500 _aIncludes Index
650 1 _aSociology
_vNursing
650 1 _aBehavioural Science
_vNursing
942 _cBOOK
999 _c1582
_d1582